Consultants file 2008 (Record no. 108064)
[ view plain ]
| 000 -LEADER | |
|---|---|
| fixed length control field | 01122cad a22002415a 4500 |
| 001 - CONTROL NUMBER | |
| control field | L143100 |
| 008 - FIXED-LENGTH DATA ELEMENTS--GENERAL INFORMATION | |
| fixed length control field | 080408s2008 xxk f 000 0 eng d |
| 035 ## - SYSTEM CONTROL NUMBER | |
| System control number | (Sirsi) u143100 |
| 041 0# - LANGUAGE CODE | |
| Language code of text/sound track or separate title | eng |
| 050 04 - LIBRARY OF CONGRESS CALL NUMBER | |
| Classification number | 624 $2 18 |
| 110 2# - MAIN ENTRY--CORPORATE NAME | |
| Corporate name or jurisdiction name as entry element | New Civil Engineer |
| 9 (RLIN) | 566 |
| 240 ## - UNIFORM TITLE | |
| Uniform title | NCE consultants file 2008 |
| 245 00 - TITLE STATEMENT | |
| Title | Consultants file 2008 |
| Medium | [electronic resource] |
| 260 ## - PUBLICATION, DISTRIBUTION, ETC. | |
| Place of publication, distribution, etc. | London |
| Name of publisher, distributor, etc. | EMAP |
| Date of publication, distribution, etc. | 2008 |
| 520 ## - SUMMARY, ETC. | |
| Summary, etc. | Online version of the 2008 NCE consultants file, the annual guide to UK based civil and structural engineering consultancies. Provides tables of the top 249 firms ranked by various factors including fees rendered and total number of staff. Subsequent listings rank the firms by sector (such as building, construction and project management, environment, waste, health and safety, transport etc.) |
| 521 2# - TARGET AUDIENCE NOTE | |
| Target audience note | Introductory |
| 590 ## - LOCAL NOTE (RLIN) | |
| Local note | KA |
| 650 24 - SUBJECT ADDED ENTRY--TOPICAL TERM | |
| Topical term or geographic name entry element | NCE CONSULTANTS FILE |
| 651 #4 - SUBJECT ADDED ENTRY--GEOGRAPHIC NAME | |
| Geographic name | United Kingdom |
| Chronological subdivision | |
| 690 ## - LOCAL SUBJECT ADDED ENTRY--TOPICAL TERM (OCLC, RLIN) | |
| Topical term or geographic name as entry element | BUILT ENVIRONMENT-ENGINEERING-CIVIL ENGINEERING |
| 856 40 - ELECTRONIC LOCATION AND ACCESS | |
| Uniform Resource Identifier | <a href="https://www.nce.co.uk">https://www.nce.co.uk</a> |
| Public note | View the consultants file free of charge (registration required) at www.nce.co.uk... |
| 942 ## - ADDED ENTRY ELEMENTS (KOHA) | |
| Suppress in OPAC | 0 |
| Withdrawn status | Lost status | Source of classification or shelving scheme | Damaged status | Not for loan | Home library | Current library | Shelving location | Date acquired | Total Checkouts | Full call number | Barcode | Date last seen | Copy number | Price effective from | Koha item type |
|---|---|---|---|---|---|---|---|---|---|---|---|---|---|---|---|
| Dewey Decimal Classification | Virtual | Virtual | Online | 08/04/2008 | ONLINE PUBLICATION | 143100-2001 | 06/08/2019 | 1 | 06/08/2019 | Book |